Μικροοικονομική Θεωρία / Βασικές Αρχές και Προεκτάσεις. (Record no. 6434)
[ view plain ]
| 000 -LEADER | |
|---|---|
| fixed length control field | 01383cam a22002054a 4500 |
| 005 - ΗΜΕΡΟΜΗΝΙΑ ΚΑΙ ΩΡΑ ΤΕΛΕΥΤΑΙΑΣ ΕΝΗΜΕΡΩΣΗΣ | |
| Πεδίο ελέγχου | 20250605164242.0 |
| 008 - FIXED-LENGTH DATA ELEMENTS--GENERAL INFORMATION | |
| Πεδίο ελέγχου σταθερού μήκους | 250528s ||||||||||||||||||||||||d |
| 035 ## - SYSTEM CONTROL NUMBER | |
| System control number | 21371 |
| 020 ## - ISBN | |
| ISBN | 9789602185537 |
| 040 ## - ΠΗΓΗ ΚΑΤΑΛΟΓΟΓΡΑΦΗΣΗΣ | |
| Φορέας πρωτότυπης καταλογογράφησης | MC Athens Campus Library |
| Γλώσσα καταλογογράφησης | Ελληνικά, Μοντέρνα (1453-) |
| Modifying agency | MC Athens Campus Library |
| Κανόνες περιγραφικής καταλογογράφησης | AACR2 |
| 245 1# - ΤΙΤΛΟΣ ΚΑΙ ΔΗΛΩΣΗ ΥΠΕΥΘΥΝΟΤΗΤΑΣ | |
| Τίτλος | Μικροοικονομική Θεωρία / Βασικές Αρχές και Προεκτάσεις. |
| Number of part/section of a work | Τόμος Α' |
| 260 ## - PUBLICATION, DISTRIBUTION, ETC. | |
| Name of publisher, distributor, etc. | Κριτική - Επιστημονική Βιβλιοθήκη, |
| Date of publication, distribution, etc. | 2008 |
| 300 ## - PHYSICAL DESCRIPTION | |
| Extent | 416 |
| 520 ## - SUMMARY, ETC. | |
| Summary, etc. | Εισαγωγή, Οικονομικά Υποδείγματα, Τα Μαθηματικά της Αριστοποίησης, Επιλογή και Ζήτηση, Προτιμήσεις και Χρησιμότητα, Μεγιστοποίηση της Χρησιμότητας και Επιλογή, Τα Αποτελέσματα Εισοδήματος και Υποκατάστασης, Σχέσεις Ζήτησης Μεταξύ των Αγαθών, Αγοραία Ζήτηση και Ελαστικότητα, Επιλογή σε Συνθήκες Αβεβαιότητας, Επιλογή σε Συνθήκες Αβεβαιότητας: Προσδοκώμενη Χρησιμότητα και Αποστροφή του Κινδύνου. |
| 700 1# - ΠΡΟΣΘΕΤΗ ΑΝΑΓΡΑΦΗ--ΦΥΣΙΚΟ ΠΡΟΣΩΠΟ | |
| Personal name | Nicholson Walter |
| 9 (RLIN) | 3549 |
| 700 1# - ΠΡΟΣΘΕΤΗ ΑΝΑΓΡΑΦΗ--ΦΥΣΙΚΟ ΠΡΟΣΩΠΟ | |
| Personal name | Μινόγλου Θέμις |
| 9 (RLIN) | 2951 |
| 942 ## - ADDED ENTRY ELEMENTS (KOHA) | |
| Koha item type | Books |
| Τύπος τεκμηρίου | Βιβλιοθήκη | Τρέχουσα τοποθεσία | Barcode | Αριθμός εισαγωγής | Ημερομηνία απόκτησης | Ταξιθετικό σύμβολο | Αριθμός αντιτύπου | Κατάσταση απόσυρσης | Κατάσταση χαμένου | Κατάσταση κατεστραμμένου | Μη δανεισμός | Σύνολο δανεισμών | Ημερομηνία τελευταίας εμφάνισης | Η τιμή ισχύει από |
|---|---|---|---|---|---|---|---|---|---|---|---|---|---|---|
| Books | MC Athens Campus Library | MC Athens Campus Library | 9780000064332 | 5658 | 05/06/2025 | 338.5 NIC V.A | 1 | 05/06/2025 | 05/06/2025 |